Регионална библиотека "Любен Каравелов" - Русе

Съвременен български език (Запис номер 21717)

MARC детайли
000 -Лидер
Контролно поле с фиксирана дължина 01442nam a2200361 c 4500
003 - Код на организацията, давaща контролен номер
Контролно поле BLK
005 - Дата и час на последна редакция
Контролно поле 20250514171109.0
008 - Елементи от данни с фиксирана дължина
fixed length control field 180413b bul|||||r ||||||| ||bul||
010 ## - Наследен системен номер
LC control number KNG00024019000
020 ## - Международен стандартен номер на книга ISBN
Международен стандартен номер на книга ISBN 954-402-036-5
040 ## - Източник на каталожния запис
Идентификатор на билиотеката - собственик на записа BLK
041 ## - Код за език
Код за езика на текст/звукозапис или на отделно заглавие Български
Код за езика КДБФ Български
080 ## - УДК
Текстов определител УДК Български език
УДК код - определител по УДК 811.163.2
УДК определител (075.8)
УДК - код + определител 811.163.2(075.8)
100 1# - Редна дума - Автор
Автор Бояджиев, Тодор Апостолов
Авторска отговорност първи автор
R(LIN) 364499
139 ## - Редно поле
Редна дума Бояджиев, Тодор Апостолов
Авторски знак Боя - Б 73
245 10 - Сведения за заглавието
Заглавие Съвременен български език
Подзаглавни данни Фонетика, Лексикология, Словообразуване, Морфология, Синтаксис : Учебник за студенти от филол. фак. и пед. инст.
Редно поле (дума) Тодор Апостолов Бояджиев.
257 ## - Страна на издаване
Страна на създаване/издаване България
260 ## - Област на издателските данни
Име на издателя, разпространителя и проч. Петър Берон
Година на издаване 1998
Печатница Русе : Дунав прес
300 ## - Физическа характеристика
Страници 656 с.
Илюстрации и др. със сх., табл.
Размери/Мащаб 24 см
380 ## - Жанр
Жанр Езикознание. Филология
500 ## - Общи забележки
Забележка 2 000 тир.
650 #4 - Допълнително описание по предмет – тема
Основно описание – тема или топоним Български език
9 (RLIN) 246425
653 ## - Ключова дума – ненормативна
Ключова дума български език
653 ## - Ключова дума – ненормативна
Ключова дума учебници за ВУЗ
852 ## - Местоположение
Форматна сигнатура Цб 197973
Фондова буква Хранилище
852 ## - Местоположение
Фондова буква Заемна - подръчен фонд
Систематично-азбучна сигнатура 811.163.2/Б 73 Т
856 4# - Електронен адрес и достъп
Електронен формат pdf - файл
Път до файла /url/
856 4# - Електронен адрес и достъп
Електронен формат pdf - файл
Път до файла /url/
942 ## - АРТИКУЛИ
Вид на библиотечния материал Книги
Скрит в OPAC Не
Koha issues (borrowed), all copies 4
944 ## - СЪЗДАВАНЕ И РЕДАКЦИЯ на ЗАПИСА
Създаване/Редакция Създаване
Дата на регистрацията/редакция 15.01.2003
Служител, извършил регистрацията/редакцията 30534
Статус, дата на статуса Радостина Карадакова
944 ## - СЪЗДАВАНЕ И РЕДАКЦИЯ на ЗАПИСА
Създаване/Редакция Редакция
Дата на регистрацията/редакция 03.10.2013
944 ## - СЪЗДАВАНЕ И РЕДАКЦИЯ на ЗАПИСА
Създаване/Редакция Редакция
Служител, извършил регистрацията/редакцията М.Я.
999 ## - СИСТЕМНИ КОНТРОЛНИ НОМЕРА
Koha biblionumber 21717
Koha biblioitemnumber 21717
Наличности
Код за отписване Код за изгубен артикул Източник на класификационната схема Код за повреда Коз за рестрикции Код за отдаване Артикулен № Име на библиотеката - собственик Име на библиотеката, в която се намира в момента Статус (Текущо местоположение) Дата на вписване в системата Местоположение - отдел Цена в лева Инвентарен номер Систематично азбучна сигнатура Баркод Номер на екземпляра Цена в евро Служебна бележка Служебен тип на артикула
  Не е изгубен Universal Decimal Classification Не е повреден без рестрикции ползва се в читалня 35848 Регионална библиотека "Любен Каравелов" Русе Регионална библиотека "Любен Каравелов" Русе Хранилище 2001-01-01 Хранилище 0.00 643950 Цб 197973 120000643950 1 0.00 Дост: Dp Вид: Д N: стар фонд Дата: 01.01.1998 Книги
  Не е изгубен Universal Decimal Classification Не е повреден без рестрикции ползва се в читалня 35849 Регионална библиотека "Любен Каравелов" Русе Регионална библиотека "Любен Каравелов" Русе Читалня 2001-01-01 Читалня 8.00 643077 Ч 811.163.2/Б 73 120000643077 2 4.09 Дост: Pk Вид: Ф N: стар фонд Дата: 01.01.1998 Дата инв: 27.03.2017 Бележки инв: Ч2017 Книги
  Не е изгубен Universal Decimal Classification Не е повреден   заемане за дома 945706 Регионална библиотека "Любен Каравелов" Русе Регионална библиотека "Любен Каравелов" Русе Заемна - подръчен фонд 2024-07-09 Заемна - подръчен фонд 18.00 120000910848 811.163.2/Б 73 Т 120000910848   9.20   Книги
Vip Innovations Ltd, Rousse, Bulgaria 2025